000 00446nam a22001817a 4500
005 20250415132604.0
008 250411b |||||||| |||| 00| 0 eng d
020 _a978-81-312-6435-5
041 _aeng
082 _a574.1 SAT-B
100 _aSATYANARAYANA, U AND CHAKRAPANI, U
_97222
245 _aBIOCHEMISTRY
250 _a6TH, ED. 2021
260 _aGURGAON
_bELSEVIER
_c2021
300 _a777;P
650 _aBMLT
_98487
942 _cBK
999 _c8748
_d8746